LEADER 01182nam a2200265 i 4500 001 000000150819 003 CaOOAMICUS 005 20060613000000.0 008 060613s1976 it u000 u ita u 013 $a128157 040 $aSeMil$bita 245 10$aD'Annunzio e il simbolismo europeo :$bAtti del convegno di studio Gardone Riviera, 14-15-16 settembre 1973 /$ca cura di Emilio Mariano. 260 $aMilano :$bIl Saggiatore,$c1976. 300 $a433 p. ;$c21 cm. 490 0 $aIl filo di Arianna ;$v1 500 $aFondo Ciprandi. 650 4$aD'Annunzio, Gabriele <1863-1938> - Simbolismo - Congressi.$0(OLS)http://semarc/subject/29485 700 1 $aMariano, Emilio.$0(OLS)http://semarc/name/8255 830 3$aIl filo di Arianna ;$v1.$0(OLS)http://semarc/title/12755 850 $aSeMil 852 $aSeMil$W1$xVenegono$y1$m1D IV 161$j102885$B102885$CSeMilBibl$Z2$F111824 $81 941 1 $a1 961 $aOmaggio: Ciprandi dott. Paolo 996 $6245$aD'Annunzio e il simbolismo europeo :$bAtti del convegno di studio Gardone Riviera, 14-15-16 settembre 1973$9(OLS)http://semarc/title/220446 996 $6260$aMilano :$bIl Saggiatore$9(OLS)http://semarc/publisher/30255 LEADER 00931nam a2200217 i 4500 001 000000018522 003 CaOOAMICUS 005 20180830125444.0 008 180830s1968 it u000 u ita u 040 $aSeMil$bita 100 1 $aAnonimo sovietico.$0(OLS)http://semarc/name/8332 240 10$aRakovij korpus.$0(OLS)http://semarc/title/24393 245 10$aDivisione cancro /$cRomanzo di Anonimo sovietico ; traduzione di Maria Olsùfieva. 260 $aMilano :$bIl Saggiatore,$c1968. 300 $a2 v. ;$c23 cm. 700 1 $aOlsùfieva, Maria,$d<1907-1988>.$0(OLS)http://semarc/name/384 773 0 $tScritture.$dMilano : Il Saggiatore, [19--]?.$w()15189 774 0 $aAnonimo sovietico$t[Parte prima].$kScritture$w()165042 774 0 $aAnonimo sovietico$tParte seconda.$kScritture$w()165043 996 $6245$aDivisione cancro$9(OLS)http://semarc/title/24392 996 $6260$aMilano :$bIl Saggiatore$9(OLS)http://semarc/publisher/30255